| 000 | 00917nam a2200253 i 4500 | ||
|---|---|---|---|
| 001 | 107879 | ||
| 003 | ES-MaACL | ||
| 005 | 20250902063102.0 | ||
| 007 | t| | ||
| 008 | 061121s1968 sp r ||||1| cat d | ||
| 100 | 1 |
_aMounier, Emmanuel, _d1905-1950 _983875 |
|
| 245 | 1 | 0 |
_aDe la propietat capitalista a la propietat humana / _cEmmanuel Mounier ; próleg d'Alfonso C. Comin ; traducció Just M. Llorens. |
| 250 | _a1ª. ed. | ||
| 260 |
_aBarcelona : _bEdicions 62, _c1968. |
||
| 300 |
_a286 p., 1 lám : _bretr. aut. ; _c22 cm. |
||
| 490 | 1 |
_aBiblioteca Bàsica de Cultura Contemporània ; _v14 |
|
| 650 | 0 | 4 |
_aCapitalismo. _910760 |
| 650 | 0 | 7 |
_aPersonalismo _2embne _915975 |
| 700 | 1 |
_aComín, Alfonso C. _940007 |
|
| 700 | 1 |
_aLlorens, Just M. _972877 |
|
| 830 | 0 |
_aBiblioteca Bàsica de Cultura Contemporània ; _v14 _9232917 |
|
| 852 |
_aES-MaACL _jG-4066 _bR.65822 |
||
| 999 |
_c107879 _d107879 |
||